Internetre került a kübeki sírkert sok volt a kavarodás - az utolsó csepp: egy rátemetés /

Elmentve itt :
Bibliográfiai részletek
Szerző: Gonda Zsuzsanna
Dokumentumtípus: Cikk
Megjelent: 2006-11-14
Sorozat:Délmagyarország 96 No. 266
Kulcsszavak:Kübekháza, Temető Kübekháza internetes adatbázis
Online Access:http://dmarchiv.bibl.u-szeged.hu/137230
LEADER 00562nab a2200157 i 4500
001 delm137230
005 20191206085153.0
008 191206s2006 hu o 0|| hun d
040 |a SZTE Délmagyarország Archívum  |b hun 
041 |a hun 
100 1 |a Gonda Zsuzsanna 
245 1 0 |a Internetre került a kübeki sírkert   |h [elektronikus dokumentum] :  |b sok volt a kavarodás - az utolsó csepp: egy rátemetés /  |c  Gonda Zsuzsanna 
260 |c 2006-11-14 
300 |a 4 
490 0 |a Délmagyarország  |v 96 No. 266 
695 |a Kübekháza, Temető Kübekháza internetes adatbázis